| 000 | 01087cam a2200301 a 4500 | ||
|---|---|---|---|
| 999 |
_c10198 _d10198 |
||
| 001 | 2315466 | ||
| 003 | OSt | ||
| 005 | 20201125141714.0 | ||
| 008 | 811029s1982 enk b 000 0 eng | ||
| 010 | _a 81017981 | ||
| 020 | _a8175960582 | ||
| 020 | _a9788175960589 | ||
| 040 |
_aDLC _cDLC _dDLC _dOCoLC _dDLC |
||
| 050 | 0 | 0 |
_aB843 _b.U84 1982 |
| 082 | 0 | 0 |
_a171.5 _221 _bSEN/U |
| 100 | 1 |
_9639 _aSen, Amartya, _d1933- |
|
| 245 | 0 | 0 |
_aUtilitarianism and beyond / _cAmartya Sen ; Bernard Williams. |
| 260 |
_aCambridge ; _aNew York : _bCambridge University Press, _c1982. |
||
| 300 |
_avii, 290 p. ; _c24 cm. |
||
| 504 | _aBibliography: p. 279-290. | ||
| 650 | 0 | _aUtilitarianism. | |
| 700 | 1 |
_aSen, Amartya, _d1933- _9639 |
|
| 700 | 1 |
_aWilliams, Bernard, _d1929-2003 _91014 |
|
| 856 | 4 | 2 |
_3Publisher description _uhttp://www.loc.gov/catdir/description/cam022/81017981.html |
| 856 | 4 | 1 |
_3Table of contents _uhttp://www.loc.gov/catdir/toc/cam025/81017981.html |
| 906 |
_a7 _bcbc _corignew _d1 _eocip _f19 _gy-gencatlg |
||
| 942 |
_2ddc _cBK _h171.5 _iSEN/U _k171.5 _mSEN/U |
||